000 01076nam0a22002891 4500
001 2557903
005 20251118181717.1
021 _aRU
_b79-27953
035 _a(NLR Aleph) 006443703
090 _a5667169
_c5667169
100 _a20110316d1979 u y0rusy50 ca
101 1 _arus
_aeng
_crus
102 _aRU
105 _aa z |||||
200 1 _aModern methods and technology of rapid duplication of information materials
_fI.S. Duganova
210 _aMoscow
_cБ. и.
_d1979
215 _a92 с.
_cил.
_d26
225 1 _aThe Training material
_fPrep. for the Course for information officers a. documentalists from developing countries Held by VINITI (23 March - 1 June, 1979)
_v[2]
300 _aВ надзаг.: UNIDO-UNESCO. International training course for industrial information officers and documentalists
686 _aЧ231.23,0
_2rubbk
700 1 _aДуганова
_bИ.С.
_gИрина Сергеевна
801 0 _aRU
_bNLR
_gpsbo
801 1 _aRU
_bELAR
_2rusmarc
852 _aNLR
_jDesideratum
899 _aRuMoRGB
_jM 79-17/52
942 _cBOOK
980 _aNB